00274nam a2200109Ia 4500008004100000100002100041245002200062260004300084650001300127942000700140999001700147190216s9999||||xx |||||||||||||| ||und|| aKrishan Pillai N 0aKairaliyude Katha bSahithya Pravarthaka Sahakarana Sangam aKathakal cBK c25238d25238